| 000 | 01255cam a2200325 a 4500 | ||
|---|---|---|---|
| 001 | 16508022 | ||
| 003 | Nust- CAS-E | ||
| 005 | 20180118181401.0 | ||
| 008 | 101019s2011 lauab b 001 0 eng | ||
| 010 | _a 2010041231 | ||
| 020 | _a9781439834497 | ||
| 020 | _a1439834490 | ||
| 035 | _a(OCoLC)ocn457164046 | ||
| 040 |
_aDLC _cDLC _dYDX _dBTCTA _dYDXCP _dCDX _dVP@ _dDLC |
||
| 050 | 0 | 0 |
_aTJ808 _b.N46 2011 |
| 082 | 0 | 0 |
_a621.042 _222 _bNEL 2011 |
| 100 | 1 | _aNelson, Vaughn. | |
| 245 | 1 | 0 |
_aIntroduction to renewable energy / _cVaughn Nelson. |
| 260 |
_aBoca Raton, FL : _bCRC Press, _cc2011. |
||
| 300 |
_axxiii, 384 p. : _bill., maps ; _c25 cm. |
||
| 490 | 1 | _aEnergy and the environment | |
| 504 | _aIncludes bibliographical references and index. | ||
| 650 | 0 | _aRenewable energy sources. | |
| 830 | 0 | _aEnergy and the environment (Boca Raton, Fla.) | |
| 856 | 4 | 2 |
_3Contributor biographical information _uhttp://www.loc.gov/catdir/enhancements/fy1114/2010041231-b.html |
| 906 |
_a7 _bcbc _corignew _d1 _eecip _f20 _gy-gencatlg |
||
| 942 |
_2ddc _cBK |
||
| 999 |
_c355438 _d355438 |
||